Kraje, do których Polacy wyjeżdżają turystycznie najczęściej - Statystyki

Ogólne statystyki
  • Ten quiz został rozwiązany 825 razy
    114 od ostatniego zresetowania
  • Średni wynik to 9 z 11
Statystyki odpowiedzi
odsetek państwo % Poprawnych
12 Hiszpania
95%
13 Grecja
91%
19 Włochy
91%
9 Niemcy
90%
12 Turcja
89%
11 Czechy
85%
8 Wielka Brytania
84%
6 Słowacja
81%
10 Chorwacja
80%
5 Austria
64%
7 Węgry
59%
Nie znaleziono quizów pasujących do podanych kryteriów
Rozkład punktacji
Procent ludzi z każdym wynikiem
Percentyl według liczby udzielonych odpowiedzi
Twoja historia wyników
Nie rozwiązałeś tego quizu od ostatniego zresetowania